Rádiové přijímače a vysílače : laboratorní cvičení /

Hlavní autor: Prokeš, Aleš, 1963-
Korporativní autor: Vysoké učení technické v Brně. Ústav radioelektroniky
Jazyk: Čeština
Vydáno: Brno : Vysoké učení technické, 2002
Vydání: Vyd. 1.
Témata:
Fyzický popis: 42 s. : il. ; 30 cm
Knihy
Uloženo v:
LEADER 01708nam a2200397 a 4500
001 000636634
003 CZ BrMZK
005 20031114081942.0
007 ta
008 021118s2002 xr f cze d
015 |a cnb001185970 
020 |a 80-214-2211-4  |q (brož.) 
035 |a (OCoLC)53264855 
040 |a OLA001  |b cze  |c BOA001 
080 |a (076.5)  |2 MRF 
080 |a 621.396.62  |2 MRF 
080 |a 621.396.61  |2 MRF 
080 |a (075.8)  |2 MRF 
100 1 |a Prokeš, Aleš,  |d 1963-  |7 jn20000620298  |4 aut 
245 1 0 |a Rádiové přijímače a vysílače :  |b laboratorní cvičení /  |c Aleš Prokeš 
250 |a Vyd. 1. 
260 |a Brno :  |b Vysoké učení technické,  |c 2002 
300 |a 42 s. :  |b il. ;  |c 30 cm 
500 |a Vydavatel: Vysoké učení technické v Brně. Fakulta elektrotechniky a komunikačních technologií. Ústav radioelektroniky 
504 |a Obsahuje bibliografii 
650 0 7 |a rádiové přijímače  |7 ph125381  |2 czenas 
650 0 7 |a rádiové vysílače  |7 ph125384  |2 czenas 
655 7 |a učebnice vysokých škol  |7 fd133772  |2 czenas 
655 7 |a laboratorní cvičení  |7 fd163936  |2 czenas 
710 2 |a Vysoké učení technické v Brně.  |b Ústav radioelektroniky  |7 kn20010709197 
910 |a BOA001  |b 3-1113.499 
990 |a BK 
996 6 |b 2610180859  |c 3-1113.499  |l MZK  |r Sklad / do 1 hodiny  |n 0  |p p.v.  |w 000636634  |u 000010  |a 1  |e BOA001  |j MZK50  |s P 
996 7 |b 2610201922  |c 3-1113.499  |l MZK  |r Sklad / do 1 hodiny  |n 5  |p kup  |w 000636634  |u 000020  |a 1  |e BOA001  |j MZK50  |s A 
996 7 |b 2610201923  |c 3-1113.499  |l MZK  |r Sklad / do 1 hodiny  |n 5  |p kup  |w 000636634  |u 000030  |a 1  |e BOA001  |j MZK50  |s A 
996 7 |b 2610201924  |c 3-1113.499  |l MZK  |r Sklad / do 1 hodiny  |n 1  |p kup  |w 000636634  |u 000040  |a 1  |e BOA001  |j MZK50  |s A